Mobi-Constella: Mobile Agent Base Approach Towords IP Network Topology Discovery for Large and Multi-Subnet and Hierarchy Generation Subsystem [Project BIT4] (Record no. 9376)
[ view plain ]
| 000 -LEADER | |
|---|---|
| fixed length control field | 00627 a2200133 4500 |
| 082 ## - DEWEY DECIMAL CLASSIFICATION NUMBER | |
| Classification number | BIT-4 |
| 100 ## - MAIN ENTRY--PERSONAL NAME | |
| Personal name | Mohsan Jameel |
| 9 (RLIN) | 92523 |
| 245 ## - TITLE STATEMENT | |
| Title | Mobi-Constella: Mobile Agent Base Approach Towords IP Network Topology Discovery for Large and Multi-Subnet and Hierarchy Generation Subsystem [Project BIT4] |
| Statement of responsibility, etc. | Mohsan Jameel |
| 260 ## - PUBLICATION, DISTRIBUTION, ETC. | |
| Place of publication, distribution, etc. | Isalamabad, |
| Name of publisher, distributor, etc. | NUST School of Electrical Engineering & Computer Science, |
| Date of publication, distribution, etc. | 2006. |
| 300 ## - PHYSICAL DESCRIPTION | |
| Extent | viii, 62 p. |
| Other physical details | : ill. |
| Dimensions | ; 27 cm. + |
| Accompanying material | CD-ROM |
| 500 ## - GENERAL NOTE | |
| General note | Supervisors : Dr. Hafiz Farooq Ahmad, Mr. Muaz Niazi. |
| 856 ## - ELECTRONIC LOCATION AND ACCESS | |
| Uniform Resource Identifier | <a href="http://10.250.8.41:8080/xmlui/handle/123456789/9165">http://10.250.8.41:8080/xmlui/handle/123456789/9165</a> |
| 942 ## - ADDED ENTRY ELEMENTS (KOHA) | |
| Koha item type | Project Report |
| Call number prefix | BIT-4 MOH |
| Source of classification or shelving scheme | |
| Withdrawn status | Lost status | Damaged status | Not for loan | Permanent Location | Current Location | Date acquired | Full call number | Barcode | Date last seen | Price effective from | Koha item type |
|---|---|---|---|---|---|---|---|---|---|---|---|
| WITHDRAWN | Central Library (CL) | Central Library (CL) | 07/03/2022 | BIT-4 MOH | SEECSP00257 | 11/14/2012 | 11/14/2012 | Project Report |
